Luxor Illustrated, Revised and Updated

محفوظ في:

المؤلف الرئيسي: Michael Haag

التنسيق: كتاب

اللغة: Undetermined

منشور في: Cairo American University in Cairo 2024

الموضوعات:

الوسوم: إضافة وسم

لا توجد وسوم, كن أول من يضع وسما على هذه التسجيلة!

رقم الطلب: On Hold

LEADER 00490nam a2200157Ia 4500
005 20260324113530.0
008 260324s9999||||xx |||||||||||||| ||und||
020 |a 978-1649033383 
050 4 |a On Hold 
100 0 |a Michael Haag 
245 1 0 |a Luxor Illustrated, Revised and Updated  |c Michael Haag 
264 1 |a Cairo  |b American University in Cairo  |c 2024 
300 |a 116 pages  |b color illustrations, color maps  |c 24 cm 
650 4 |a Travel 
650 4 |a With Aswan, Abu Simbel, and the Nile 
999 |c 61914  |d 61914